Ρουΐ Μπλας : (δράμα)

Saved in:
Bibliographic Details
Main Author: Hugo, Victor, 1802-1885
Other Authors: Βερβενιώτης, Γεώργιος Σπ., 1893-1968 (Translator)
Format: Book
Language:Greek
French
Published: Αθήναι : [χ.ό.], 1947.
Subjects:
Tags: Add Tag
No Tags, Be the first to tag this record!

MARC

LEADER 00000cam a2200000 a 4500
001 1/118324
008 190329s1947####gr | ||| |||| ||gre||
040 |a GR-MyUa  |b gre  |c GR-MyUa  |e AACR2 
041 1 |a gre  |h fre 
082 7 |a 842.7   |2 (23) 
100 1 |a Hugo, Victor,   |d 1802-1885. 
245 1 0 |a Ρουΐ Μπλας :   |b (δράμα) /   |c του Βίκτωρος Ουγκώ ; Αντωνίου Σπ. Βερβενιώτη.  
260 |a Αθήναι :   |b [χ.ό.],   |c 1947.  
300 |a 160 σ. ;   |c 18 εκ.  
500 |a Τίτλος πρωτοτύπου: Ruy Blas.  
650 0 |a French drama. 
650 0 |a French literature  |y 19th century. 
650 0 |a French literature. 
700 1 |a Βερβενιώτης, Γεώργιος Σπ.,   |d 1893-1968,  |e trl 
852 |a INST  |b RHODES  |c AKA  |e 20190329  |h 842.7 HUG  |p 005400040567  |q 005400040567  |t BK  |y 0 
970 |a Μαρία  |b Κωτάκου  |z 29-03-2019